| 000 | 00532nam a2200193Ia 4500 | ||
|---|---|---|---|
| 005 | 20260429111917.0 | ||
| 008 | 260429s9999||||xx |||||||||||||| ||und|| | ||
| 020 | _a9788197468230 | ||
| 041 | _aEnglish | ||
| 082 |
_a616.89 _bNAI |
||
| 100 | _aNai, Satyanarain | ||
| 245 | 0 |
_aPedagogy of clinical psychology / _cSatyanarain Nai |
|
| 260 |
_aNew Delhi : _bKanishka Publisher Distributors, _c2024. |
||
| 300 | _axi, 372 p.; hb | ||
| 650 | _a Clinical psychology | ||
| 650 | _aMedicine | ||
| 700 | _a Kumar, Pawan | ||
| 942 | _cTB | ||
| 999 |
_c51384 _d51384 |
||